Greta Gerwig Cast - Sudden Death - Statistics

General Stats
  • This quiz has been taken 60 times
  • The average score is 8 of 14
Answers on the Grid
Answers color-coded by a green-red scale on the quiz's grid according to % correct below.
Margot Robbie
Emma Watson
Michelle Rodriguez
Paul Dano
Adam Sandler
Adam Driver
Saoirse Ronan
Meryl Streep
Simu Liu
Lucy Liu
Barry Keoghan
Dua Lipa
Will Ferrell
Jeff Goldblum
Mindy Kaling
America Ferrera
Jessica Chastain
Bob Odenkirk
Ryan Gosling
Jennifer Lawrence
Michael Cera
Tom Cruise
Val Kilmer
Demi Lovato
Chris Tucker
Chris Cooper
John Cena
Ncuti Gatwa
Tommy Wiseau
Ariana Grande
 
Answer Stats
Answer % Correct
Margot Robbie
100%
Saoirse Ronan
84%
Emma Watson
81%
America Ferrera
74%
Ryan Gosling
74%
Michael Cera
58%
Dua Lipa
56%
Meryl Streep
56%
Will Ferrell
49%
Simu Liu
44%
John Cena
40%
Ncuti Gatwa
40%
Bob Odenkirk
37%
Chris Cooper
21%
No matching quizzes found
Score Distribution
Percent of People with Each Score
Percentile by Number Answered
Your Score History
You have not taken this quiz